| 000 | 00578 a2200181 4500 | ||
|---|---|---|---|
| 020 | _a0471609978 | ||
| 040 |
_aDLC _bDLC |
||
| 082 | 0 | 0 | _a537.5 |
| 100 | 1 | _aYariv, Amnon. | |
| 245 | 1 | 0 |
_aQuantum electronics _cAmnon Yariv. |
| 250 | _a3rd ed. | ||
| 260 |
_aNew York : _bWiley, _cc1989. |
||
| 300 |
_axx, 676 p. : _bill. ; _c24 cm. |
||
| 650 | 0 | _aQuantum electronics. | |
| 856 | 4 | 2 |
_3Publisher description _uhttp://www.loc.gov/catdir/description/wiley035/88000719.html |
| 856 | 4 | 2 |
_3Table of Contents _uhttp://www.loc.gov/catdir/toc/onix06/88000719.html |
| 942 |
_cBK _k537.5 YAR _2ddc |
||
| 999 |
_c8960 _d8960 |
||